000 00429nam a2200181Ia 4500
001 7598
005 20260306160507.0
008 260306t2010||||xx |||||||||||||| ||spa||
041 _aESP
082 _a352
_bC36 2010
100 _aBorda Rivera, Edgar
_eAUT
245 0 _aAportes para el desarrollo de la región de Arequipa
260 _c2010
300 _a
_c
650 _aGEN
654 _aCAN
942 _cLIB
_dJUS
_fJUS
_2ddc
_n
999 _c7598
_d7598